[Event "Petrolina Cordioli Memorial op"]
[Site "Petrolina"]
[Date "2007.10.20"]
[Round "5"]
[White "Cavalcante, Ingra"]
[Black "Pessoa, Thaynnara Alice Que"]
[Result "0-1"]
[WhiteElo "1800"]
[BlackElo "1800"]
[PlyCount "54"]
[EventDate "2007.10.09"]
[EventType "swiss"]
[EventRounds "7"]
[EventCountry "BRA"]
[SourceTitle "EXT 2022"]
[Source "ChessBase"]
[SourceDate "2021.10.06"]
[SourceVersion "1"]
[SourceVersionDate "2021.10.06"]
[SourceQuality "1"]

1. d4 Nf6 2. Nf3 e6 3. Bg5 Be7 4. Bxf6 Bxf6 5. Nc3 d5 6. e3 a6 7. Be2 Nc6 8. h4 Bd7 9. a3 Qe7 10. b4 b5 11. Nb1 a5 12. Nc3 axb4 13. axb4 0-0 14. Rb1 Nxb4 15. Nxb5 Bxb5 16. Bxb5 Ra2 17. Bd3 Rb8 18. Kf1 Rb6 19. Ne1 g6 20. f4 Qd6 21. g3 c5 22. c3 Nxd3 23. Nxd3 Rxb1 24. Qxb1 Qa6 25. Qe1 Ra1 26. Kg2 Rxe1 27. Rxe1 Qxd3 0-1

[Event "Petrolina Cordioli Memorial op"]
[Site "Petrolina"]
[Date "2007.10.18"]
[Round "1"]
[White "Dos Santos, Marcio Melo"]
[Black "Pessoa, Thaynnara Alice Que"]
[Result "0-1"]
[WhiteElo "1800"]
[BlackElo "1800"]
[PlyCount "32"]
[EventDate "2007.10.09"]
[EventType "swiss"]
[EventRounds "7"]
[EventCountry "BRA"]
[SourceTitle "EXT 2022"]
[Source "ChessBase"]
[SourceDate "2021.10.06"]
[SourceVersion "1"]
[SourceVersionDate "2021.10.06"]
[SourceQuality "1"]

1. e4 e5 2. Nf3 Nc6 3. Bb5 a6 4. Bxc6 dxc6 5. Nxe5 Qd4 6. Nf3 Qxe4+ 7. Kf1 Bg4 8. Qe1 Bxf3 9. gxf3 Qxe1+ 10. Kxe1 0-0-0 11. Kf1 g6 12. d3 Bg7 13. Na3 Re8 14. Bd2 Bxb2 15. Re1 Rxe1+ 16. Bxe1 Bxa3 0-1